The learning gap : Why our schools are failing and what we can learn from Japanese and Chinese education

This book introduce about compares United States elementary education practices with those in Asia and comes to some surprising conclusions.

Uloženo v:
Podrobná bibliografie
Hlavní autor: Stevenson, Harold W.
Médium: Kniha
Jazyk:Undetermined
Vydáno: New York Summit Books 1992
Témata:
Tagy: Přidat tag
Žádné tagy, Buďte první, kdo otaguje tento záznam!
Thư viện lưu trữ: Trung tâm Học liệu Trường Đại học Cần Thơ
LEADER 00819nam a2200217Ia 4500
001 CTU_227645
008 210402s9999 xx 000 0 und d
082 |a 372.973 
082 |b S847 
100 |a Stevenson, Harold W. 
245 4 |a The learning gap : 
245 0 |b Why our schools are failing and what we can learn from Japanese and Chinese education 
245 0 |c Harold W. Stevenson, James W. Stigler 
260 |a New York 
260 |b Summit Books 
260 |c 1992 
520 |a This book introduce about compares United States elementary education practices with those in Asia and comes to some surprising conclusions. 
650 |a Giáo dục, Tiểu học,Education, Elementary 
650 |z Hoa Kỳ,United States 
910 |b dqhieu 
980 |a Trung tâm Học liệu Trường Đại học Cần Thơ